000 00710cam a2200241 4500500
005 20260405003827.0
041 _afre
042 _adc
100 1 0 _aDegiovanni, Clara
_eauthor
700 1 0 _aLegros, Martin
_eauthor
245 0 0 _aYves Michaud-Elsa Dorlin : faut-il rendre les coups ?
260 _c2024.
500 _a36
690 _aElsa Dorlin
690 _aÉmeute
690 _aÉtat
690 _aInsurrection
690 _aRésistance
690 _aViolence
690 _aYves Michaud
786 0 _nPhilosophie magazine | 177 | 3 | 2024-03-01 | p. 35-37 | 1951-1787
856 4 1 _uhttps://shs.cairn.info/magazine-philosophie-magazine-2024-3-page-35?lang=fr&redirect-ssocas=7080
999 _c2071218
_d2071218